00615nam a22001577a 4500008004100000020001800041050002200059100002500081245013900106250002000245260004800265300002700313504003900340650003900379650003900418210908b |||||||| |||| 00| 0 eng d a9789914404067 aHD 57.7 .M85 2021 aMulwa Francis Wambua aThe audacity in growing conscientious leader:bthe role of frontline teams as vision bearers lead from the back/cFrancis Wambua Mulwa aRevised edition aSwitzerland :bGlobethics Publishers,c2021 axx, 257p :bill;c21cm aInclude bibliographical reference. a Devolving Leadership vLeadership a Devolving Leadership vLeadership